<?xml version="1.0" encoding="UTF-8"?><?xml-stylesheet type="text/xsl" href="static/style.xsl"?><OAI-PMH xmlns="http://www.openarchives.org/OAI/2.0/" xmlns:xsi="http://www.w3.org/2001/XMLSchema-instance" xsi:schemaLocation="http://www.openarchives.org/OAI/2.0/ http://www.openarchives.org/OAI/2.0/OAI-PMH.xsd"><responseDate>2026-04-17T16:56:02Z</responseDate><request verb="GetRecord" identifier="oai:www.recercat.cat:2117/426561" metadataPrefix="marc">https://recercat.cat/oai/request</request><GetRecord><record><header><identifier>oai:recercat.cat:2117/426561</identifier><datestamp>2025-07-17T12:23:47Z</datestamp><setSpec>com_2072_1033</setSpec><setSpec>col_2072_452950</setSpec></header><metadata><record xmlns="http://www.loc.gov/MARC21/slim" xmlns:dcterms="http://purl.org/dc/terms/" xmlns:xsi="http://www.w3.org/2001/XMLSchema-instance" xmlns:doc="http://www.lyncode.com/xoai" xsi:schemaLocation="http://www.loc.gov/MARC21/slim http://www.loc.gov/standards/marcxml/schema/MARC21slim.xsd">
   <leader>00925njm 22002777a 4500</leader>
   <datafield ind2=" " ind1=" " tag="042">
      <subfield code="a">dc</subfield>
   </datafield>
   <datafield ind2=" " ind1=" " tag="720">
      <subfield code="a">Hernández-Plaza, Eva</subfield>
      <subfield code="e">author</subfield>
   </datafield>
   <datafield ind2=" " ind1=" " tag="720">
      <subfield code="a">Bastida Milián, Fernando</subfield>
      <subfield code="e">author</subfield>
   </datafield>
   <datafield ind2=" " ind1=" " tag="720">
      <subfield code="a">Egea Cobrero, Valle</subfield>
      <subfield code="e">author</subfield>
   </datafield>
   <datafield ind2=" " ind1=" " tag="720">
      <subfield code="a">Izquierdo Figarola, Jordi</subfield>
      <subfield code="e">author</subfield>
   </datafield>
   <datafield ind2=" " ind1=" " tag="720">
      <subfield code="a">Navarro Lopez, Sara</subfield>
      <subfield code="e">author</subfield>
   </datafield>
   <datafield ind2=" " ind1=" " tag="720">
      <subfield code="a">Gonzalez Andujar, Jose Luis</subfield>
      <subfield code="e">author</subfield>
   </datafield>
   <datafield ind2=" " ind1=" " tag="720">
      <subfield code="a">Pedraza, Verónica</subfield>
      <subfield code="e">author</subfield>
   </datafield>
   <datafield ind2=" " ind1=" " tag="260">
      <subfield code="c">2024</subfield>
   </datafield>
   <datafield ind2=" " ind1=" " tag="520">
      <subfield code="a">En este trabajo analizamos la relación entre la abundancia y diversidad de especies arvenses, la microbiota del suelo y el rendimiento del cultivo en 26 campos de trigo con manejo ecológico o convencional. En cada campo, se registró la cobertura de cada una de las especies arvenses en 10 marcos (1m2), y el rendimiento del cultivo en esos mismos marcos y en otros cuatro que se habían mantenido sin hierbas. En todos los marcos se tomaron también muestras de suelo para obtener la abundancia de amplicon sequence variants (ASVs) de hongos y bacterias. Con estos datos se calculó la diversidad de especies arvenses (diversidad taxonómica) y de géneros de hongos y bacterias (expH’). Además, se obtuvo el rendimiento relativo del cultivo comparando marcos con y sin arvenses. Los campos ecológicos registraron mayor abundancia de arvenses y una mayor diversidad de estas especies y de géneros de hongos. El rendimiento del cultivo fue mayor en campos de manejo convencional y también estuvo asociado a una menor abundancia de plantas arvenses y a una mayor diversidad de la microbiota fúngica. El rendimiento relativo del cultivo se relacionó positivamente con la diversidad de las comunidades arvenses. La concentración de proteína en el grano estuvo negativamente relacionada con el rendimiento del trigo, siendo mayor en los campos ecológicos. Finalmente, la eficiencia en el uso del nitrógeno fue mayor en los campos ecológicos que en los convencionales. Además, se relacionó negativamente con la abundancia de plantas arvenses y positivamente con la diversidad de estas especies.</subfield>
   </datafield>
   <datafield ind2=" " ind1=" " tag="520">
      <subfield code="a">Objectius de Desenvolupament Sostenible::12 - Producció i Consum Responsables</subfield>
   </datafield>
   <datafield ind2=" " ind1=" " tag="520">
      <subfield code="a">Objectius de Desenvolupament Sostenible::15 - Vida d'Ecosistemes Terrestres</subfield>
   </datafield>
   <datafield ind2=" " ind1=" " tag="520">
      <subfield code="a">Postprint (author's final draft)</subfield>
   </datafield>
   <datafield tag="653" ind2=" " ind1=" ">
      <subfield code="a">Àrees temàtiques de la UPC::Enginyeria agroalimentària::Agricultura</subfield>
   </datafield>
   <datafield tag="653" ind2=" " ind1=" ">
      <subfield code="a">Microbiota del suelo</subfield>
   </datafield>
   <datafield tag="653" ind2=" " ind1=" ">
      <subfield code="a">Rendimiento relativo</subfield>
   </datafield>
   <datafield tag="653" ind2=" " ind1=" ">
      <subfield code="a">Número efectivo de especies</subfield>
   </datafield>
   <datafield tag="653" ind2=" " ind1=" ">
      <subfield code="a">Diversidad.</subfield>
   </datafield>
   <datafield ind2="0" ind1="0" tag="245">
      <subfield code="a">Rendimiento del cultivo ¿Qué efecto tienen la diversidad arvense y la microbiota del suelo?</subfield>
   </datafield>
</record></metadata></record></GetRecord></OAI-PMH>